54 - Né(es) un 23 février - Statistiques

Statistiques générales
  • Ce quiz a été pris 9 fois
  • Le résultat moyen est 4 sur 13
Statistiques - réponses
Hint Année de naissance Réponse % Correct
Chef. Jurée de l'émission "Top Chef". Nommée "meilleure femme chef du monde" en 2015. 1967 Hélène Darroze
75%
Publicitaire français qui a déclaré "Si à 50 ans on n'a pas une Rolex, on a quand même raté sa vie". 1934 Jacques Séguéla
50%
Hôtelier dont le nom reste attaché à un célèbre hôtel du 15 de la place Vendôme à Paris. 1850 César Ritz
38%
Réalisateur français. Connu pour "Les Choses de la vie" (1970), "Max et les Ferrailleurs" (1971), "Vincent, François, Paul… et les autres" (1974), "Un cœur en hiver" (1992), "Nelly et Monsieur Arnaud" (1995). 1924 Claude Sautet
38%
Compositeur saxon. Connu pour "Concerto pour hautbois no 3" (1705), "La Resurrezione" (1708), "Water Music" (1717), "Giulio Cesare" (1724), "Sarabande de Haendel" (1733), "Le Messie" (1741)", "Music for the Royal Fireworks"(1749). 1685 Georg Friedrich Haendel|Händel
38%
Financier, fondateur d'une dynastie banquière toujours en activité. Considéré comme "le père de la finance internationale". 1744 Mayer Amschel Rothschild
38%
Acteur américain, fils d'un immense acteur américain connu pour avoir joué dans "Easy Rider", "Thomas et le Chemin de fer magique", "L'Or de la vie", "The Passion of Ayn Rand". 1940 Peter Henry Fonda
38%
Actrice britannico-américaine. Vue dans "Oppenheimer", "Edge of Tomorrow", "Sicario", "The Fall Guy". 1983 Emily Blunt
25%
Joueur de football brésilien. A remporté 5 Ligue des Champions avec le Real Madrid, 3 Coupe du monde des clubs et 3 Supercoupes de l'UEFA. 1992 Casemiro
13%
Actrice américaine. Fut révelée dans "Man on Fire" avec Denzel Washington. 1994 Dakota Fanning
13%
Roi de Hongrie de 1458 à 1490. 1443 Matthias Ier|Matthias Corvin
0%
Homme d'affaires américain qui fit fortune dans le secteur de l'informatique grâce au modèle de la vente directe. Son entreprise porte son nom. 1965 Michael Dell
0%
Pape de l'Église catholique de 1464 à 1471. 1417 Paul II|Pietro Barbo
0%
Aucun quiz correspondant
Distribution des résultats
% des personnes avec chaque résultat
Percentile par nombre de réponses
Votre historique - résultats
Vous n’avez pas pris ce quiz